书目信息 |
| 题名: |
博物馆的诞生
|
|
| 作者: | 本尼特 著 ;段吉方 , 陈静 , 陈王青 , 肖娜 译 | |
| 分册: | ||
| 出版信息: | 北京 中国人民大学出版社 2025.01 |
|
| 页数: | 353页 | |
| 开本: | 21cm | |
| 丛书名: | 守望者 | |
| 单 册: | ||
| 中图分类: | G260 | |
| 科图分类: | ||
| 主题词: | 博物馆学--研究 | |
| 电子资源: | ||
| ISBN: | 978-7-300-31729-8 | |
| 000 | 01523oam2 2200361 450 | |
| 001 | 01051121 | |
| 005 | 20251023093321.16 | |
| 010 | @a978-7-300-31729-8@b精装@dCNY128.00 | |
| 100 | @a20250126d2025 em y0chiy0120 ea | |
| 101 | 1 | @achi@ceng |
| 102 | @aCN@b110000 | |
| 105 | @aa z 001yy | |
| 106 | @ar | |
| 200 | 1 | @a博物馆的诞生@9bo wu guan de dan sheng@e历史、理论与政治@dThe birth of the museum: history, theory, politics@f(英)托尼·本尼特(Tony Bennett)著@g段吉方[等]译@zeng |
| 210 | @a北京@c中国人民大学出版社@d2025.01 | |
| 215 | @a353页@c图@d21cm | |
| 225 | 2 | @a守望者 |
| 304 | @a题名页题其他译者:陈静, 陈王青, 肖娜译 | |
| 314 | @a托尼·本尼特(Tony Bennett),澳大利亚西悉尼大学文化与社会研究院荣休教授,澳大利亚国立大学人文研究中圣心名誉教授。 | |
| 320 | @a有索引 | |
| 330 | @a关于博物馆的文化研究是当前人文社会科学研究领域重要的跨学科研究方向,正引起文化史、艺术史、社会学、经济学、文学等领域的广泛关注。现代博物馆是如何逐步发展起来的?博物馆的文化功能是什么?知识和权力对博物馆的功能演进有怎样的影响? | |
| 461 | 0 | @12001 @a守望者 |
| 510 | 1 | @aBirth of the museum : history, theory, politics@zeng |
| 517 | 1 | @a历史、理论与政治@9li shi 、 li lun yu zheng zhi |
| 606 | 0 | @a博物馆学@x研究 |
| 690 | @aG260@v5 | |
| 701 | 0 | @c(英)@a本尼特@9ben ni te@c(Bennett, Tony@4著 |
| 702 | 0 | @a段吉方@9duan ji fang@4译 |
| 702 | 0 | @a陈静@9chen jing@4译 |
| 702 | 0 | @a陈王青@9chen wang qing@4译 |
| 702 | 0 | @a肖娜@9xiao na@4译 |
| 801 | 0 | @aCN@c20250911 |
| 905 | @a河南城建学院图书馆@dG260@eB714@ZB714@f1 | |
| 博物馆的诞生:历史、理论与政治=The birth of the museum: history, theory, politics/(英)托尼·本尼特(Tony Bennett)著/段吉方[等]译.-北京:中国人民大学出版社,2025.01 |
| 353页:图;21cm.-(守望者) |
| ISBN 978-7-300-31729-8(精装):CNY128.00 |
| 关于博物馆的文化研究是当前人文社会科学研究领域重要的跨学科研究方向,正引起文化史、艺术史、社会学、经济学、文学等领域的广泛关注。现代博物馆是如何逐步发展起来的?博物馆的文化功能是什么?知识和权力对博物馆的功能演进有怎样的影响? |
| ● |
| 相关链接 |
|
|
|
正题名:博物馆的诞生
索取号:G260/B714
 
预约/预借
| 序号 | 登录号 | 条形码 | 馆藏地/架位号 | 状态 | 备注 |
| 1 | 1635906 | 216359063 | 社科库409/409社科库 60排2列2层/ [索取号:G260/B714] | 在馆 |